Coupe du Monde de Football - Participant ? #5 - Statistiques

Statistiques générales
  • Ce quiz a été pris 75 fois
  • Le résultat moyen est 14 sur 15
Statistiques - réponses
Hint Réponse % Correct
Brésil Correct
98%
Uruguay Correct
98%
Croatie Correct
98%
Sierra Leone Incorrect
98%
Pays-Bas Correct
97%
Taïwan Incorrect
97%
Maldives Incorrect
97%
Bahamas Incorrect
97%
République centrafricaine Incorrect
95%
Singapour Incorrect
95%
Mongolie Incorrect
93%
Madagascar Incorrect
90%
Tanzanie Incorrect
84%
Liberia Incorrect
72%
Ouzbékistan Correct
43%
Aucun quiz correspondant
Distribution des résultats
% des personnes avec chaque résultat
Percentile par nombre de réponses
Votre historique - résultats
Vous n’avez pas pris ce quiz